Southville International School and Colleges
Your cart is empty.
  • Cart
  • Lists
    Public lists Eva Luna New books Lux_list list_1
    Your lists Log in to create your own lists
  • Log in to your account
  • Your cookies
  • Search history
Southville International School and Colleges
  • Advanced search
  • Recent comments
  • Most popular
  • Libraries

Log in to your account

Log in with GOOGLE


If you do not have an external account, but do have a local account, you can still log in:

  1. Home
  2. MARC view: The outcast /
Normal view MARC view ISBD view

The outcast / (Record no. 33571)

[ view plain ]
MARC details
000 -LEADER
fixed length control field 01472cam a2200457 a 4500
001 - CONTROL NUMBER
control field 14322356
003 - CONTROL NUMBER IDENTIFIER
control field OSt
005 - DATE AND TIME OF LATEST TRANSACTION
control field 20140310184317.0
008 - FIXED-LENGTH DATA ELEMENTS--GENERAL INFORMATION
fixed length control field 060330s2005 nyuab c 000 1 eng d
010 ## - LIBRARY OF CONGRESS CONTROL NUMBER
LC control number 2006296065
020 ## - INTERNATIONAL STANDARD BOOK NUMBER
International Standard Book Number 0439739519
020 ## - INTERNATIONAL STANDARD BOOK NUMBER
International Standard Book Number 9780439739511
035 ## - SYSTEM CONTROL NUMBER
System control number (OCoLC)ocm61409082
040 ## - CATALOGING SOURCE
Original cataloging agency LJW
Transcribing agency LJW
Modifying agency BAKER
-- VP@
-- XY4
-- DLC
042 ## - AUTHENTICATION CODE
Authentication code lcac
-- lccopycat
050 00 - LIBRARY OF CONGRESS CALL NUMBER
Classification number PZ 7
Item number .L345g8 2005
100 1# - MAIN ENTRY--PERSONAL NAME
Personal name Lasky, Kathryn.
9 (RLIN) 6040
245 14 - TITLE STATEMENT
Title The outcast /
Statement of responsibility, etc by Kathryn Lasky.
260 ## - PUBLICATION, DISTRIBUTION, ETC. (IMPRINT)
Place of publication, distribution, etc New York :
Name of publisher, distributor, etc Scholastic,
Date of publication, distribution, etc c2005.
300 ## - PHYSICAL DESCRIPTION
Extent 209 p. :
Other physical details ill.;
Dimensions 20 cm.
490 1# - SERIES STATEMENT
Series statement Guardians of Ga'hoole ;
Volume number/sequential designation bk. 8
500 ## - GENERAL NOTE
General note Sequel to: The hatchling.
521 ## - TARGET AUDIENCE NOTE
Target audience note
526 ## - STUDY PROGRAM INFORMATION NOTE
Reading level 790
650 #1 - SUBJECT ADDED ENTRY--TOPICAL TERM
Topical term or geographic name as entry element Owls
Form subdivision Fiction.
9 (RLIN) 23477
650 #1 - SUBJECT ADDED ENTRY--TOPICAL TERM
Topical term or geographic name as entry element Good and evil
Form subdivision Fiction.
9 (RLIN) 23478
650 #1 - SUBJECT ADDED ENTRY--TOPICAL TERM
Topical term or geographic name as entry element Fantasy.
9 (RLIN) 3293
800 1# - SERIES ADDED ENTRY--PERSONAL NAME
Personal name Lasky, Kathryn.
Title of a work Guardians of Ga'Hoole ;
Volume/sequential designation bk. 8.
9 (RLIN) 23479
856 42 - ELECTRONIC LOCATION AND ACCESS
Materials specified Contributor biographical information
Uniform Resource Identifier <a href="http://www.loc.gov/catdir/enhancements/fy0634/2006296065-b.html">http://www.loc.gov/catdir/enhancements/fy0634/2006296065-b.html</a>
856 42 - ELECTRONIC LOCATION AND ACCESS
Materials specified Publisher description
Uniform Resource Identifier <a href="http://www.loc.gov/catdir/enhancements/fy1116/2006296065-d.html">http://www.loc.gov/catdir/enhancements/fy1116/2006296065-d.html</a>
906 ## - LOCAL DATA ELEMENT F, LDF (RLIN)
a 7
b cbc
c copycat
d 2
e ncip
f 20
g y-gencatlg
942 ## - ADDED ENTRY ELEMENTS (KOHA)
Source of classification or shelving scheme Library of Congress Classification
Koha item type
Holdings
Withdrawn status Lost status Source of classification or shelving scheme Damaged status Home library Current library Shelving location Date acquired Total Checkouts Full call number Barcode Date last seen Copy number Price effective from Koha item type
    Library of Congress Classification   Luxembourg Library Luxembourg Library Scholastic Reading Center Section 10/03/2013   PZ 7 .L345g8 2005 LEX700 04/18/2017 1 10/03/2013 Books
    Library of Congress Classification   Luxembourg Library Luxembourg Library Scholastic Reading Center Section 10/03/2013   PZ 7 .L345g8 2005 LEX0571 04/18/2017 2 10/03/2013 Books
    Library of Congress Classification   Luxembourg Library Luxembourg Library Scholastic Reading Center Section 10/03/2013   PZ 7 .L345g8 2005 LEX1410 04/18/2017 3 10/03/2013 Books
    Library of Congress Classification   Luxembourg Library Luxembourg Library Scholastic Reading Center Section 10/03/2013   PZ 7 .L345g8 2005 LEX1411 04/18/2017 4 10/03/2013 Books
    Library of Congress Classification   Luxembourg Library Luxembourg Library Scholastic Reading Center Section 10/03/2013   PZ 7 .L345g8 2005 LEX1412 04/18/2017 5 10/03/2013 Books
    Library of Congress Classification   Luxembourg Library Luxembourg Library Scholastic Reading Center Section 10/11/2013   PZ 7 .L345g8 2005 LEX1009 04/18/2017 6 10/11/2013 Books
    Library of Congress Classification   Luxembourg Library Luxembourg Library Scholastic Reading Center Section 11/11/2013   PZ 7 .L345g8 2005 SCHO0367 04/18/2017 7 11/11/2013 Books

The outcast /

APA

Lasky K., . (2005). The outcast. New York: Scholastic.

Chicago

Lasky Kathryn, . 2005. The outcast. New York: Scholastic.

Harvard

Lasky K., . (2005). The outcast. New York: Scholastic.

MLA

Lasky Kathryn, . The outcast. New York: Scholastic. 2005.

  • Place hold
  • Print
  • Cite
  • Add to your cart (remove)
  • Save record
    BIBTEX Dublin Core MARCXML MARC (non-Unicode/MARC-8) MARC (Unicode/UTF-8) MARC (Unicode/UTF-8, Standard) MODS (XML) RIS
  • More searches
    Search for this title in:
    Other Libraries (WorldCat) Other Databases (Google Scholar) Online Stores (Bookfinder.com) Open Library (openlibrary.org)

Exporting to Dublin Core...

SOUTHVILLE LIBRARY

Southville International School and Colleges Library

1281 Tropical Ave. Cor. Luxembourg St., BF Homes International, Las Pinas City

Tel. No. 8256374 / 252358 Loc. 117/146

Powered by Koha